Cost studies of buildings

-д хадгалсан:
Номзүйн дэлгэрэнгүй
Үндсэн зохиолч: ASHWORTH, Allan Perera, Srinath
Формат: Ном
Хэл сонгох:англи
Хэвлэсэн: Routledge 2015
Шошгууд: Шошго нэмэх
Шошго байхгүй, Энэхүү баримтыг шошголох эхний хүн болох!

MARC

LEADER 00000nam a22000007a 4500
008 201214b ||||| |||| 00| 0 eng d
020 |a 978-1-138-01735-1 
100 |a ASHWORTH, Allan  |a Perera, Srinath 
245 |a Cost studies of buildings  |c Allan Ashworth and Srinath Perera  |g . xix, 549p.; ill. 
250 |b 6th ed. 
260 |b Routledge  |c 2015  |h London  |i 689850   |i 691628  |i 691629   |l TH438.15 .As3  |m Building – Cost effectiveness.  |m Construction industry – Great Britain – Finance  |m Building – Estimates – Great Britain 
500 |a It includes bibliographical references and index 
942 |a lcc  |c BK  |e Kuteyi, M. A.  |f  14/12/2020 
952 |0 0  |1 0  |2 lcc  |4 0  |6 TH043815 A S3  |7 0  |9 465  |a HOL  |b EDM  |c QZ  |d 2020-12-14  |l 0  |o TH438.15 .As3  |p 2020-2194  |r 2020-12-14 00:00:00  |w 2020-12-14  |y BK 
952 |0 0  |1 0  |2 lcc  |4 0  |6 TH043815 A S3  |7 0  |9 466  |a HOL  |b TL  |c QZ  |d 2020-12-14  |l 0  |o TH438.15 .As3  |p 2020-2195  |r 2020-12-14 00:00:00  |w 2020-12-14  |y BK 
952 |0 0  |1 0  |2 lcc  |4 0  |6 TH043815 A S3  |7 0  |9 468  |a HOL  |b HOL  |c QZ  |d 2020-12-14  |l 0  |o TH438.15 .As3  |p 2020-2197  |r 2020-12-14 00:00:00  |w 2020-12-14  |y BK 
999 |c 235  |d 235